[Event "Israel-ch Women 2021"]
[Site "Haifa"]
[Date "2021.03.07"]
[Round "1.17"]
[White "Shvayger, Yuliya"]
[Black "Lian, Marina"]
[Result "1-0"]
[WhiteElo "2327"]
[BlackElo "1870"]
[Annotator "TA"]
[PlyCount "73"]
[EventDate "2021.01.10"]
[EventType "swiss"]
[EventCountry "ISR"]
[SourceTitle "playchess.com"]
[Source "ChessBase"]
[SourceQuality "1"]

{[%evp 15,73,19,19,4,21,12,17,17,17,22,41,40,36,7,4,7,20,-7,18,0,121,81,81,48,55,42,49,33,60,59,102,31,27,18,20,0,0,0,0,0,0,0,0,-15,0,0,0,0,912,912,909,887,891,893,872,738,734,727,995,968]} 1. e4 e6 2. d4 d5 3. Nd2 c5 4. Ngf3 cxd4 5. Nxd4 Nc6 6. Bb5 Bd7 7. Nxc6 bxc6 8. Bd3 Qc7 9. Qe2 {C07: French Tarrasch: 3...c5, 4 Ngf3 and 4 exd5 Qxd5.} Ne7 10. Nf3 Ng6 11. O-O $1 {The position is equal. 11.0-0 scores better than 11.e5.} Bd6 12. Re1 Nf4 13. Bxf4 Bxf4 14. c4 dxc4 15. Bxc4 Rb8 {[#]} 16. Qc2 $146 ({Predecessor:} 16. Rab1 c5 17. b3 Bc6 18. Bd5 Bb5 19. Bc4 Bc6 20. Bd5 Bb5 21. Bc4 {½-½ (21) Perske,T (2441)-Malakhatko,V (2533) Basel 2019}) 16... c5 17. Bd3 f6 (17... O-O $11 {keeps the balance.}) 18. Rab1 O-O 19. g3 Bh6 20. Bc4 Kh8 21. Red1 Rfd8 22. h4 Qb7 23. Qd3 ({Better is} 23. Rd6 $16 Bc6 24. Rxe6) 23... Qa8 $14 {[#] White must now prevent ...Bc6.} 24. Qe2 Bc6 25. Re1 e5 26. b3 Rd6 27. Rb2 Rbd8 28. Bb5 Bb7 29. a4 a6 30. Bc4 Qc8 31. Rc2 Qg4 $2 {[%mdl 8192] [#]} (31... Qc6 $11) 32. Nxe5 $1 $18 {[%mdl 512] aiming for Nf7+.White is clearly winning.} Qxe2 33. Nf7+ {[%mdl 64] Double Attack, Zwischenzug} Kg8 34. Rcxe2 Kf8 35. Nxd6 Rxd6 36. e5 Rd8 37. exf6 {Weighted Error Value: White=0.13/Black=0.20} 1-0

[Event "Israel-ch Women 2021"]
[Site "Haifa"]
[Date "2021.03.07"]
[Round "1.18"]
[White "Gadasi, Noam"]
[Black "Katkov, Michelle"]
[Result "0-1"]
[WhiteElo "1781"]
[BlackElo "2078"]
[Annotator "ChessBase"]
[PlyCount "82"]
[EventDate "2021.01.10"]
[EventType "swiss"]
[EventCountry "ISR"]
[SourceTitle "playchess.com"]
[Source "ChessBase"]
[SourceQuality "1"]
[TimeControl "40/5400+30:3600+30"]

1. c4 {[%emt 0:00:00]} Nf6 {[%emt 0:00:04]} 2. g3 {[%emt 0:00:00]} e6 {[%emt 0:01:12]} 3. Bg2 {[%emt 0:00:10]} d5 {[%emt 0:00:35]} 4. d4 {[%emt 0:00:36]} dxc4 {[%emt 0:01:15]} 5. Nf3 {[%emt 0:00:36]} a6 {[%emt 0:02:38]} 6. O-O {[%emt 0:02:04]} Nc6 {[%emt 0:00:10]} 7. e3 {[%emt 0:01:03]} Rb8 {[%emt 0:01:30]} 8. Qe2 {[%emt 0:05:06]} b5 {[%emt 0:01:50]} 9. b3 {[%emt 0:00:45]} cxb3 {[%emt 0:00:38]} 10. axb3 {[%emt 0:00:12]} Be7 {[%emt 0:05:42]} 11. Bb2 {[%emt 0:03:28]} O-O {[%emt 0:03:42]} 12. Rc1 {[%emt 0:03:10]} Bb7 {[%emt 0:12:00]} 13. Nbd2 {[%emt 0:02:37]} Nb4 {[%emt 0:01:45]} 14. Ne5 {[%emt 0:20:29]} Bxg2 {[%emt 0:00:52]} 15. Kxg2 {[%emt 0:00:10]} Rb6 {[%emt 0:04:02]} 16. Qf3 {[%emt 0:06:31]} Bd6 {[%emt 0:10:52]} 17. Nc6 {[%emt 0:06:51]} Qa8 {[%emt 0:04:50]} 18. Nxb4 {[%emt 0:01:16]} Bxb4 {[%emt 0:00:12]} 19. Bc3 {[%emt 0:00:59]} Bxc3 {[%emt 0:03:21]} 20. Rxc3 {[%emt 0:01:01]} Nd5 {[%emt 0:04:23]} 21. Rc5 {[%emt 0:03:48]} Rc6 {[%emt 0:03:43]} 22. Ne4 {[%emt 0:06:20]} Rxc5 {[%emt 0:00:50]} 23. Nxc5 {[%emt 0:00:21]} Nb4 {[%emt 0:04:13]} 24. e4 {[%emt 0:02:57]} Rd8 {[%emt 0:02:45]} 25. Qc3 {[%emt 0:01:36]} a5 {[%emt 0:01:34]} 26. Rxa5 {[%emt 0:09:51]} Qxa5 {[%emt 0:00:11]} 27. Nb7 {[%emt 0:00:08]} Qa8 {[%emt 0:00:44]} 28. Nxd8 {[%emt 0:00:20]} Qxe4+ {[%emt 0:00:15]} 29. Qf3 {[%emt 0:00:23]} Qxf3+ {[%emt 0:01:25]} 30. Kxf3 {[%emt 0:00:03]} Kf8 {[%emt 0:02:07]} 31. Ke3 {[%emt 0:04:41]} Ke7 {[%emt 0:00:07]} 32. Nb7 {[%emt 0:00:07]} Kd7 {[%emt 0:05:14]} 33. Nc5+ {[%emt 0:01:03]} Kc6 {[%emt 0:03:35]} 34. Ne4 {[%emt 0:02:42]} f5 {[%emt 0:03:07]} 35. Nc3 {[%emt 0:01:09]} Nd5+ {[%emt 0:04:41]} 36. Kd3 {[%emt 0:08:39]} Nxc3 {[%emt 0:02:50]} 37. Kxc3 {[%emt 0:00:03]} Kd5 {[%emt 0:02:52]} 38. f4 {[%emt 0:01:24]} c5 {[%emt 0:01:09]} 39. dxc5 {[%emt 0:00:12]} Kxc5 {[%emt 0:00:02]} 40. h3 {[%emt 0:01:51]} h6 {[%emt 0:01:11]} 41. h4 {[%emt 1:00:46]} g6 {[%emt 1:01:01]} 0-1

[Event "Israel-ch Women 2021"]
[Site "Haifa"]
[Date "2021.03.07"]
[Round "1.19"]
[White "Levitan, Ronit"]
[Black "Aleksandrova, Aleksandra"]
[Result "1-0"]
[WhiteElo "2048"]
[BlackElo "1769"]
[Annotator "ChessBase"]
[PlyCount "75"]
[EventDate "2021.01.10"]
[EventType "swiss"]
[EventCountry "ISR"]
[SourceTitle "playchess.com"]
[Source "ChessBase"]
[SourceQuality "1"]
[TimeControl "40/5400+30:3600+30"]

1. e4 {[%emt 0:00:00]} d6 {[%emt 0:00:00]} 2. d4 {[%emt 0:00:00]} c6 {[%emt 0:00:00]} 3. Nc3 {[%emt 0:00:49]} Nd7 {[%emt 0:00:00]} 4. Nf3 {[%emt 0:00:33]} Qc7 {[%emt 0:00:20]} 5. a4 {[%emt 0:02:23]} e5 {[%emt 0:02:07]} 6. Bc4 {[%emt 0:02:34]} Be7 {[%emt 0:05:00]} 7. a5 {[%emt 0:10:35]} Rb8 {[%emt 0:01:29]} 8. Ng5 {[%emt 0:05:15]} Bxg5 {[%emt 0:02:08]} 9. Bxg5 {[%emt 0:00:06]} Ndf6 {[%emt 0:00:30]} 10. O-O {[%emt 0:02:57]} h6 {[%emt 0:01:52]} 11. Be3 {[%emt 0:05:56]} b5 {[%emt 0:05:29]} 12. axb6 {[%emt 0:10:53]} axb6 {[%emt 0:00:07]} 13. dxe5 {[%emt 0:09:50]} dxe5 {[%emt 0:00:03]} 14. Be2 {[%emt 0:02:44]} Be6 {[%emt 0:24:59]} 15. f3 {[%emt 0:01:18]} Nd7 {[%emt 0:02:12]} 16. Qe1 {[%emt 0:01:11]} Ne7 {[%emt 0:02:25]} 17. Qg3 {[%emt 0:01:49]} Ng6 {[%emt 0:00:33]} 18. Na2 {[%emt 0:13:07]} O-O {[%emt 0:07:09]} 19. Nb4 {[%emt 0:01:22]} Qd6 {[%emt 0:02:05]} 20. Nd3 {[%emt 0:01:13]} Nf6 {[%emt 0:01:27]} 21. Ra6 {[%emt 0:07:55]} Bc4 {[%emt 0:16:27]} 22. Rxb6 {[%emt 0:01:35]} Rxb6 {[%emt 0:00:51]} 23. Bxb6 {[%emt 0:00:05]} Bxd3 {[%emt 0:06:01]} 24. Bxd3 {[%emt 0:01:55]} Nf4 {[%emt 0:01:04]} 25. Be3 {[%emt 0:01:19]} N6h5 {[%emt 0:03:39]} 26. Qg4 {[%emt 0:02:02]} Nf6 {[%emt 0:00:02]} 27. Qh4 {[%emt 0:02:24]} Nxd3 {[%emt 0:00:31]} 28. cxd3 {[%emt 0:00:03]} Qxd3 {[%emt 0:00:04]} 29. Bxh6 {[%emt 0:02:01]} Qd4+ {[%emt 0:00:07]} 30. Kh1 {[%emt 0:00:14]} Qd3 {[%emt 0:03:57]} 31. Rg1 {[%emt 0:00:55]} Nxe4 {[%emt 0:02:13]} 32. Bxg7 {[%emt 0:01:05]} Kxg7 {[%emt 0:01:56]} 33. fxe4 {[%emt 0:00:11]} Qd4 {[%emt 0:01:19]} 34. Rf1 {[%emt 0:02:32]} f6 {[%emt 0:00:03]} 35. Qg4+ {[%emt 0:00:30]} Kf7 {[%emt 0:09:21]} 36. Rd1 {[%emt 0:00:21]} Qc4 {[%emt 0:00:00]} 37. h3 {[%emt 0:02:47]} Qe6 {[%emt 0:00:00]} 38. Rd7+ {[%emt 0:00:17]} 1-0

[Event "Israel-ch Women 2021"]
[Site "Haifa"]
[Date "2021.03.07"]
[Round "1.20"]
[White "Shaul Seidner, Liad"]
[Black "Federovski, Adi"]
[Result "1/2-1/2"]
[WhiteElo "1687"]
[BlackElo "1995"]
[Annotator "TA"]
[PlyCount "202"]
[EventDate "2021.01.10"]
[EventType "swiss"]
[EventCountry "ISR"]
[SourceTitle "playchess.com"]
[Source "ChessBase"]
[SourceQuality "1"]

{[%evp 16,202,8,8,56,53,62,62,51,44,91,75,199,184,155,58,62,-41,-35,-29,0,-50,51,-65,-60,-68,-53,-90,-73,-95,-29,-40,-23,-52,-62,-60,-60,-141,-140,-149,-126,-397,-136,-129,-131,-133,-110,-113,-112,-168,-169,-160,-160,-163,-154,-166,-133,-216,-202,-193,-146,-150,0,-197,-141,-133,-66,-123,0,-139,-97,-445,-445,-416,-423,-529,0,0,0,-684,-656,-728,-708,-654,-571,-598,-588,-580,-565,-644,-643,-608,-595,-595,-125,-113,-132,-131,-129,-131,-119,-121,-120,-220,-136,-172,0,0,0,0,0,-130,-141,-98,-120,-131,0,-447,-291,-364,-353,-292,-9,-315,-218,-148,-217,-372,-382,-350,-419,-393,-343,-311,0,0,0,0,0,0,0,0,0,0,0,0,0,0,0,0,0,0,0,0,0,0,0,0,0,0,0,0,0,-3514,-2582,-2535,-2237,-2348,-2357,-2927,-1604,-12834,-2187,-1800,-1211,-926,-622,-171,-111,-118,-42,-42,-42,-42,-42,-42,-42,-42,0]} 1. e4 c5 2. Nf3 Nc6 3. Bb5 g6 4. O-O Bg7 5. c3 Nf6 6. Re1 O-O 7. d4 cxd4 {7...d5 is the modern continuation.} 8. cxd4 d5 9. e5 Nd7 {B31: Sicilian: 2...Nc6 3 Bb5 g6.} 10. Nc3 Nb6 11. h3 Bd7 {White is slightly better.} 12. Bf4 {[#]} f6 $146 ({Predecessor:} 12... Rc8 13. Rc1 Nb4 14. Bf1 Bf5 15. a3 Nc6 16. b4 Qd7 17. Qd2 Nb8 18. Bb5 Qd8 {1-0 (42) Kotan,L (2317)-Chorvatova,E Tatranska Lomnica 1999}) 13. e6 Bc8 (13... Be8 $16) 14. Bd3 $18 a6 15. Bb1 (15. Bf1 $16) 15... f5 $14 16. Be5 (16. a4 $14) 16... Nxe5 $15 17. Nxe5 Qd6 18. Qe2 Qxe6 (18... Nc4 $15) 19. Bc2 (19. a4 $1 $14) 19... Qd6 20. Bb3 e6 21. a3 Qd8 22. Rac1 Qh4 (22... Nd7 $17 23. Nd3 Nf6) 23. Nf3 Qf4 24. g3 Qd6 25. Ne5 f4 26. Na4 ({White should try} 26. g4 $15) 26... fxg3 $17 27. fxg3 {[#]} Nd7 $1 28. Nc5 $2 {[%mdl 8192]} (28. Qe3 $17) 28... Nxe5 $2 (28... Bxe5 $19 {and Black stays clearly on top.} 29. dxe5 Qb6) 29. dxe5 Qe7 30. Qe3 Rf5 31. Nd3 Bd7 {Strongly threatening ...Bb5.} 32. Rf1 (32. Rc7 $17 {might work better.}) 32... Rxf1+ $19 33. Rxf1 Bb5 34. Re1 Rc8 35. Nf4 Bd7 36. Qd3 (36. Kg2 $17) 36... Qc5+ 37. Kg2 Qc7 38. Qd4 Qc5 39. Qd3 b5 (39... Qb6 $19 40. h4 Qa5) 40. h4 Qc7 (40... Rf8 $17 41. Qd2 Bh6) 41. Qd4 (41. h5 $15) 41... Qc5 42. Qd3 Bh6 43. Nxg6 $2 {[%mdl 8192]} (43. Rf1 $17) 43... hxg6 44. Qxg6+ Bg7 45. h5 Qd4 $2 (45... Rf8 $19 46. Kh3 Qf2) 46. Re2 $11 {h6 would kill now.} Rc1 47. Bc2 $2 {[%mdl 8192]} (47. h6 $11 Qg1+ 48. Kh3 Qf1+ 49. Rg2) 47... Qg1+ $19 48. Kf3 Rf1+ 49. Kg4 Qd4+ 50. Kh3 Kf8 51. Qg5 Be8 52. h6 {[%csl Gh6][%cal Rg5g7]} Rh1+ 53. Rh2 Rxh2+ 54. Kxh2 {[%csl Gh6][%cal Rg5g7]} Qxe5 (54... Bxe5 $19 {has better winning chances.} 55. b4 Bf6) 55. hxg7+ $17 Qxg7 56. Qf4+ Ke7 57. Qc7+ Bd7 58. Qc5+ Kf7 59. Qc7 (59. b4 $17) 59... Qh6+ 60. Kg2 Qd2+ $2 (60... Ke8 $19 61. Qc3 Qh5) 61. Kh3 $11 Ke7 (61... Kf6 {seems wilder.} 62. Qd8+ Ke5 63. Qb8+ Kf6 64. Qd8+) 62. Qc5+ $1 Kd8 63. Qf8+ (63. Qb6+ $11 {was the only way to keep the balance.} Ke7 64. Qc5+ Kf7 65. Qa7) 63... Kc7 $17 64. Qc5+ Kb7 65. g4 e5 (65... Qf4 $17 {Hoping for ...Qf3+.} 66. b4 d4) 66. Qe7 $2 {[%mdl 8192]} Qh6+ ({Not} 66... Qxc2 67. Qxd7+ Kb6 68. Qd8+ Ka7 69. Qe7+ Kb6 70. Qd8+ Ka7 71. Qe7+ Kb6 72. Qxe5 $11) 67. Qh4 Qe3+ 68. Qg3 Qc5 $2 ({Black should play} 68... Qe2 $19 69. Qg2 Qxg2+ {[%mdl 64] Overworked Piece} 70. Kxg2 Bxg4) 69. Bb3 $2 {[%mdl 8192]} (69. Bf5 $11 {and White is okay.} Bxf5 70. gxf5) 69... Qd6 70. Kg2 d4 71. Kf2 $2 (71. g5 {only move.} Bc6+ 72. Kf2) 71... d3 $19 72. Qf3+ Bc6 73. Qf7+ Kb6 {White must now prevent ...e4.} 74. Ke1 Qd4 $2 (74... Qc5 $19 75. Bd1 e4) 75. Qf2 $11 Kc5 76. Qf8+ $1 Kb6 77. Qf2 Kc5 {...Qxf2+ is the strong threat.} 78. Qf8+ $1 Kb6 {( -> ...Qe4+)} 79. Qf2 Qxf2+ (79... Qc5 {with more complications.} 80. Be6 Bg2 81. Bb3 Bb7 82. g5 e4) 80. Kxf2 {[%mdl 4096] Endgame KB-KB} Kc5 81. Ke3 Bd7 82. g5 Bf5 83. Bf7 {And now g6 would win.} Kd6 84. Bh5 Ke7 85. b4 Kf8 86. Bf3 e4 87. Bh5 Ke7 88. Kf4 Ke6 89. g6 $2 {[%mdl 8192]} (89. Ke3 $11) 89... Kf6 $19 90. g7 Kxg7 91. Ke3 Kf6 92. Be8 Ke5 93. Bc6 Kd6 (93... d2 $142 94. Kxd2 Kd4) 94. Bb7 Kc7 95. Bd5 Kb6 96. Ba8 {[#]} a5 (96... Bh7 $1 $19 97. Bd5 Bg6) 97. Bd5 axb4 (97... Bg6 $17 98. Kd2 Bh7) 98. axb4 $15 {Black is slightly better.} Kc7 99. Ba8 $1 Kd6 100. Bb7 Ke5 {aiming for ...d2!} 101. Bc6 Kd6 {A wild game.  Weighted Error Value: White=0.65/Black=0.42} 1/2-1/2

[Event "Israel-ch Women 2021"]
[Site "Haifa"]
[Date "2021.03.07"]
[Round "1.21"]
[White "Haitovich, Avital"]
[Black "Golovchanskaya, Alina"]
[Result "*"]
[WhiteElo "1981"]
[BlackElo "1681"]
[Annotator "TA"]
[PlyCount "31"]
[EventDate "2021.01.10"]
[EventType "swiss"]
[EventCountry "ISR"]
[SourceTitle "playchess.com"]
[Source "ChessBase"]
[SourceQuality "1"]

{[%evp 9,12,12,66,50,64]} 1. e4 c5 2. Nf3 Nc6 3. Bb5 a6 4. Bxc6 dxc6 5. h3 Nf6 (5... e5 $11) 6. d3 $14 {B30: Sicilian: 2...Nc6 3 Bb5, lines without ...g6.} g6 {[#] Not enough moves} {Predecessor:} 7. O-O $146 Bg7 8. Nc3 O-O 9. a4 Qc7 10. Be3 Nd7 11. Qc1 b6 12. Bh6 Ne5 13. Nh2 f6 14. Bxg7 Kxg7 15. f4 Nf7 16. Ne2 {0-1 (32) Davidov,A (1658)-Guseva,O (1925) St Petersburg 2019} *

[Event "Israel-ch Women 2021"]
[Site "Haifa"]
[Date "2021.03.07"]
[Round "1.22"]
[White "Orian, Noga"]
[Black "Reprun, Nadejda"]
[Result "1/2-1/2"]
[WhiteElo "1658"]
[BlackElo "1968"]
[Annotator "ChessBase"]
[PlyCount "65"]
[EventDate "2021.01.10"]
[EventType "swiss"]
[EventCountry "ISR"]
[SourceTitle "playchess.com"]
[Source "ChessBase"]
[SourceQuality "1"]
[TimeControl "40/5400+30:3600+30"]

1. d4 {[%emt 0:00:00]} d5 {[%emt 0:00:00]} 2. Nf3 {[%emt 0:00:00]} Nf6 {[%emt 0:00:00]} 3. Bf4 {[%emt 0:00:00]} e6 {[%emt 0:00:00]} 4. e3 {[%emt 0:00:00]} Bd6 {[%emt 0:00:00]} 5. Bxd6 {[%emt 0:00:04]} Qxd6 {[%emt 0:00:01]} 6. c4 {[%emt 0:00:08]} O-O {[%emt 0:02:07]} 7. Nc3 {[%emt 0:00:32]} c5 {[%emt 0:09:25]} 8. cxd5 {[%emt 0:01:35]} exd5 {[%emt 0:06:33]} 9. Be2 {[%emt 0:04:38]} Nc6 {[%emt 0:06:19]} 10. O-O {[%emt 0:02:34]} c4 {[%emt 0:00:53]} 11. Rc1 {[%emt 0:09:47]} Rb8 {[%emt 0:05:53]} 12. b3 {[%emt 0:17:15]} b5 {[%emt 0:01:40]} 13. bxc4 {[%emt 0:20:18]} bxc4 {[%emt 0:00:46]} 14. Nd2 {[%emt 0:05:46]} Re8 {[%emt 0:05:17]} 15. e4 Nxd4 {[%emt 0:10:27]} 16. exd5 {[%emt 0:04:22]} Nxe2+ {[%emt 0:03:29]} 17. Nxe2 {[%emt 0:00:07]} Qxd5 {[%emt 0:05:34]} 18. Nc3 {[%emt 0:03:29]} Qd3 {[%emt 0:01:54]} 19. Nf3 {[%emt 0:07:35]} Qxd1 {[%emt 0:02:54]} 20. Rfxd1 {[%emt 0:21:50]} Bf5 {[%emt 0:04:12]} 21. Nd5 {[%emt 0:00:00]} Bd3 {[%emt 0:03:31]} 22. Nxf6+ {[%emt 0:00:00]} gxf6 {[%emt 0:00:02]} 23. Ne1 {[%emt 0:00:00]} Re2 {[%emt 0:03:40]} 24. Nxd3 {[%emt 0:00:00]} cxd3 {[%emt 0:00:08]} 25. Rxd3 {[%emt 0:00:00]} Rxa2 {[%emt 0:03:11]} 26. Rf3 {[%emt 0:00:00]} Rab2 {[%emt 0:05:30]} 27. Rxf6 {[%emt 0:00:00]} Rb1 {[%emt 0:00:04]} 28. Rfc6 {[%emt 0:00:00]} Rxc1+ {[%emt 0:00:30]} 29. Rxc1 {[%emt 0:00:00]} a5 {[%emt 0:00:24]} 30. Kf1 {[%emt 0:00:00]} a4 {[%emt 0:03:32]} 31. Ra1 {[%emt 0:00:00]} Rb4 {[%emt 0:00:28]} 32. Ra2 {[%emt 0:00:00]} h5 {[%emt 0:03:40]} 33. Ke2 {[%emt 0:00:00]} 1/2-1/2

[Event "Israel-ch Women 2021"]
[Site "Haifa"]
[Date "2021.03.07"]
[Round "1.23"]
[White "Vardi, Shlomit"]
[Black "Kochavi, Dana"]
[Result "1-0"]
[WhiteElo "1901"]
[BlackElo "1572"]
[Annotator "ChessBase"]
[PlyCount "75"]
[EventDate "2021.01.10"]
[EventType "swiss"]
[EventCountry "ISR"]
[SourceTitle "playchess.com"]
[Source "ChessBase"]
[SourceQuality "1"]
[TimeControl "40/5400+30:3600+30"]

1. e4 {[%emt 0:00:00]} c6 {[%emt 0:00:00]} 2. d3 {[%emt 0:00:00]} d5 {[%emt 0:00:00]} 3. Nd2 {[%emt 0:00:00]} e5 {[%emt 0:00:00]} 4. Ngf3 {[%emt 0:00:05]} Bd6 {[%emt 0:00:00]} 5. g3 {[%emt 0:00:22]} Nf6 {[%emt 0:01:25]} 6. Bg2 {[%emt 0:00:23]} O-O {[%emt 0:00:25]} 7. O-O {[%emt 0:00:22]} Re8 {[%emt 0:02:28]} 8. c3 {[%emt 0:02:48]} a5 {[%emt 0:03:02]} 9. Re1 {[%emt 0:04:40]} Qc7 {[%emt 0:15:50]} 10. h3 {[%emt 0:20:28]} Nbd7 {[%emt 0:10:12]} 11. Nf1 {[%emt 0:13:38]} dxe4 {[%emt 0:04:08]} 12. dxe4 {[%emt 0:00:06]} Nc5 {[%emt 0:00:08]} 13. Nh4 {[%emt 0:01:43]} h6 {[%emt 0:04:06]} 14. Qc2 {[%emt 0:15:50]} Be6 {[%emt 0:03:40]} 15. Ne3 {[%emt 0:02:34]} Bf8 {[%emt 0:04:51]} 16. Rd1 {[%emt 0:11:59]} b5 {[%emt 0:06:27]} 17. b3 {[%emt 0:02:11]} a4 {[%emt 0:06:07]} 18. Rb1 {[%emt 0:04:14]} axb3 {[%emt 0:03:12]} 19. axb3 {[%emt 0:00:06]} Ra7 {[%emt 0:00:27]} 20. b4 {[%emt 0:04:34]} Ncd7 {[%emt 0:00:07]} 21. c4 {[%emt 0:01:13]} bxc4 {[%emt 0:00:52]} 22. Nxc4 {[%emt 0:00:32]} Rea8 {[%emt 0:01:01]} 23. Bd2 {[%emt 0:05:11]} Ra2 {[%emt 0:02:45]} 24. Qc3 {[%emt 0:01:36]} Bxc4 {[%emt 0:02:14]} 25. Qxc4 {[%emt 0:00:05]} Nb6 {[%emt 0:00:08]} 26. Qc1 {[%emt 0:00:39]} Qb7 {[%emt 0:03:52]} 27. Be3 {[%emt 0:02:41]} Nbd7 {[%emt 0:04:25]} 28. Qc4 {[%emt 0:02:13]} R2a4 {[%emt 0:01:07]} 29. Nf5 {[%emt 0:01:08]} Qc7 {[%emt 0:01:01]} 30. Rdc1 {[%emt 0:00:56]} c5 {[%emt 0:02:43]} 31. Qb5 {[%emt 0:00:36]} Qb8 {[%emt 0:02:34]} 32. bxc5 {[%emt 0:00:51]} Qxb5 {[%emt 0:01:18]} 33. Rxb5 {[%emt 0:00:05]} Rc8 {[%emt 0:00:11]} 34. c6 {[%emt 0:01:05]} Nb8 {[%emt 0:00:36]} 35. c7 {[%emt 0:01:02]} Nbd7 {[%emt 0:00:40]} 36. Rb7 {[%emt 0:00:44]} Nxe4 {[%emt 0:03:03]} 37. Bxe4 {[%emt 0:00:23]} Rxe4 {[%emt 0:00:05]} 38. Rd1 {[%emt 0:00:12]} 1-0

[Event "Israel-ch Women 2021"]
[Site "Haifa"]
[Date "2021.03.08"]
[Round "2.17"]
[White "Golovchanskaya, Alina"]
[Black "Shvayger, Yuliya"]
[Result "0-1"]
[WhiteElo "1681"]
[BlackElo "2327"]
[Annotator "TA"]
[PlyCount "50"]
[EventDate "2021.01.10"]
[EventType "swiss"]
[EventCountry "ISR"]
[SourceTitle "playchess.com"]
[Source "ChessBase"]
[SourceQuality "1"]

{[%evp 27,50,12,2,-2,0,-18,39,-66,-77,-170,-164,-375,-287,-284,-283,-274,-269,-1028,-992,-29990,-29981,-29995,-29981,-29993,-29991]} 1. d4 Nf6 2. c4 e6 3. Nc3 Bb4 4. e3 O-O 5. Nf3 d5 6. Bd3 c5 7. O-O Nc6 8. a3 Bxc3 9. bxc3 dxc4 10. Bxc4 Qc7 11. Bd3 e5 12. Qc2 Re8 13. Nxe5 Nxe5 14. dxe5 Qxe5 15. Rb1 {E59: Nimzo-Indian: Rubinstein: Main Line: 7...Nc6 8 a3 Bxc3 9 bxc3 dxc4.} b6 {[#]} 16. c4 $146 ({Predecessor:} 16. Rd1 Ng4 17. f4 Qe7 18. e4 c4 19. Bxc4 Bb7 20. e5 Rac8 21. Rd4 Red8 22. h3 Rxd4 23. cxd4 {Barnett,F (2131)-Soyek,R (2228) ICCF email 2012}) 16... Ng4 (16... Bb7 $11) 17. g3 (17. f4 $1 $14 Qe7 18. e4 (18. Bxh7+ Kh8 $17)) 17... Qh5 $15 {[%csl Gg4][%cal Rh5h2]} 18. f4 (18. f3 $17 Ne5 19. Be4) 18... Bb7 $19 ({Don't do} 18... Nxe3 19. Bxe3 Rxe3 20. Rfe1 $15) 19. e4 {[#]} (19. Re1) 19... Bxe4 $1 {[%mdl 512]} 20. Bxe4 {[#]} Rxe4 {[%mdl 512]} 21. Qg2 {intending h3.} (21. Rb2 Rae8) 21... Rae8 22. h3 $2 {[#]} (22. Rb2) 22... Re2 $1 23. Qh1 (23. hxg4 Rxg2+) 23... Nh2 {Black mates.} 24. Bb2 Nxf1 25. Kxf1 Qf5 {Weighted Error Value: White=1.42/Black=0.18} 0-1